1003 1647 1362 1168 1793 1562 1192 1853 1644 1636 1891 1549 1823 1371 1471 1408 1612 1423 1652 1052 1795 1124 1952 1626 1203 1141 1289 1922 1185 1192 1921 1131 1656 1507 1146 1753 1173 1929 1855 1720 1816 1153 1551 1216 1367 1394 1008 1821 1079 1974 1887 1166 1604 1185 1650 1518 1766 1570 1746 1054 1193 1401 1974 1868 1548 1278 1567 1495 1540 1631 1584 1654 1820 1667 1009 1680 1169 1405 1301 1195 1112 1284 1918 1851 1459 1647 1630 1393 1525 1016 1781 1736 1776 1091 1413 1928 1760 1204 1992 BCNSPRNW ULIB Ver.6.0+V

เปลี่ยนเป็นภาษาไทย

Change to English
 แสดงรายละเอียดบรรณานุกรม
  กลับหน้าหลัก

Brief Record : Get Marc (ISO 2709) : E-mail record : QR code < ปิดหน้าต่าง
LEADER : 00000nam 2200000uu 4500
001    13399115075
003     ULIB
008    120709s2550||||th 000 0 tha d
020    ^a9789749557600
060 04 ^aW13^bว579พ 2550
100 0  ^aวิทย์ เที่ยงบูรณธรรม.
245 10 ^aพจนานุกรมแพทย์ศาสตร์ 2 =^bMedical sciences
246 31 ^aMedical sciences dictionary.
250    ^a[พิมพ์ครั้งที่ 4].
260    ^aกรุงเทพฯ :^bรวมสาสน์,^c2550.
300    ^a1215 หน้า :^bภาพประกอบ ;^c15 cm.
500    ^aSend to Single Search
591    ^aLILC มีปี 2542
650  0 ^aMedical sciences^xDictionaries.
650  0 ^aEncyclopedias and dictionaries
650  2 ^aDictionaries, Medical.
650  4 ^aวิทยาศาสตร์การแพทย์^xพจนานุกรม.
650  4 ^aแพทยศาสตร์^xพจนานุกรม.
945    ^p1100^l0^i15144
999 ^a ใช้งานได้ทุกระบบ
รายการนี้ยังไม่มีแท็ก
คุณยังไม่ได้ล็อกอิน คุณสามารถมีกิจกรรมร่วมกับเว็บไซต์ได้ แต่ต้องล็อกอินก่อน ::
  ล็อกอิน

รายการสื่อสารสนเทศ

ลำดับที่ ประเภท เลขเรียก/บาร์โค้ด สถานที่ สถานะ
- ไม่พบข้อมูล -

รายการใกล้เคียง
    ผู้แต่ง [วิทย์ เที่ยงบูรณธรรม.]

    หัวเรื่อง [Encyclopedias and dictionaries]
    หัวเรื่อง [Dictionaries, Medical.]

BibComment


ยังไม่เคยถูกคอมเมนท์

คอมเมนท์ทรัพยากรรายการนี้
  คอมเมนท์: พจนานุกรมแพทย์ศา..


 Copyright 2026. Bcnsprnw @Library